000 00636nam a2200217 a 4500
001 BRCA_4234
005 20190320204608.0
008 110610m19611962gw-a######---#000-0#ger-#
041 _agw
044 _ager
050 4 _aG1021
_b.K54 1961
245 1 0 _aDer Kleine Brockhaus
_bin Zwei Bänden.
260 _aAlemania
_bF. A. Brockhaus
_c1961-1962
300 _a2 v.
_bil. (algunas a color)
_c25 cm.
500 _aDiccionario inventariado por Banco de México como libro
500 _aAM46
505 0 _aContenido: v.1. A-K. -- v.2. L-Z
650 1 4 _aEnciclopedias y diccionarios alemanes
_910914
902 _aGFM
942 _2lcc
_cB
999 _c3945
_d3945